Зарубежный детектив ХХ века (в русских переводах) (Запис № 373140)
[ простий вигляд ]
| 000 -Лідер | |
|---|---|
| fixed length control field | 01834nam a22002537a 4500 |
| 001 - Контрольний номер | |
| control field | 86946 |
| 003 - Ідентифікатор контрольного номера | |
| control field | UA-OsUOA |
| 005 - Дата та час останнього входження (трансакції) | |
| control field | 20201216112139.0 |
| 007 - Фіксоване поле фізичного опису | |
| fixed length control field | ta |
| 008 - Елементи даних фіксованої довжини – загальна інформація | |
| fixed length control field | 20120912b un ||||| |||| 00| 0 ukr d |
| 020 ## - Міжнародний стандартний книжковий номер (ISBN) | |
| Міжнародний стандартний книжковий номер (ISBN) (НП) | 5700002477 |
| 040 ## - Джерело каталогізації | |
| Агенція оригінальної каталогізації | UA-OsUOA |
| Мова каталогізації | rus |
| Агенція, яка здійснювала перезапис | UA-OsUOA |
| Агенція, яка здійснювала модифікацію | UA-OsUOA |
| 041 ## - Код мови | |
| Код мови тексту/ звукової доріжки чи окремого заголовка (П) | rus |
| 080 ## - Індекс Універсальної десяткової класифікації | |
| Індекс Універсальної десяткової класифікації (УДК) (НП) | 82-09 |
| 090 ## - Локальний шифр розміщення | |
| Класифікаційний індекс УДК | 82-09 |
| Авторський знак (НП) | Б13 |
| 100 ## - Основне введення – ім’я особи | |
| Ім’я особи (НП) | Бавин С. |
| 245 ## - Відомості про назву | |
| Назва (НП) | Зарубежный детектив ХХ века (в русских переводах) |
| Решта назви (НП) | Популярная библиографическая энциклопедия |
| 260 ## - Публікація, розповсюдження і т.п. (Вихідні дані) | |
| Місце публікації, розповсюдження і т.п. (П) | М. |
| Ім’я/ наймення видавництва, розповсюджувача і т.п. (П) | Книжная палата |
| Дата публікації, розповсюдження і т.п. (П) | 1991 |
| 300 ## - Фізичний опис | |
| Обсяг | 206 с. |
| 520 ## - Резюме і т.п. | |
| Резюме, реферат, анотація, тощо (НП) | В книгу вошло около пятидесяти очерков о творчестве писателей - мастеров детектива из многих стран Европы, а также США и Япониии, чьи произведения известны советскому читателю. Это П. Буало и Т. Нарсежак, Э. С. Гарднер, С. Жапризо, П. Вале и М. Шеваль, А. Кристи, Ж. Симеон, Д. Хэммет, Д. Чейз, Р. Стаут, Б. Райнов, Е. Эдигей, Д. Френсис, С. Мацумото и др. Приведены сведения о публикациях. Библиографический раздел содержит перечень зарубежных детективов XX в., опубликованніх в книгах и журналах на русском язіке за тридцать лет - с 1960 по 1989 г. В приложениии - списки серийніх изданий, сборников и антологий детективов по странам. |
| 650 #7 - Додаткове предметне введення – тематичний термін | |
| Джерело заголовка чи терміна | UDC |
| 942 ## - Додаткові елементи входу (Коха) | |
| Тип елемента Koha | Книги |
| Source of classification or shelving scheme | Universal Decimal Classification |
| 955 ## - Код типу видання за змістом | |
| Код типу видання за змістом (НП) | Літературно-художні видання |
| Стан вилучень | Стан втрат | Джерело класифікації або схеми стелажів | Стан уражень | Не для кредиту | Постійне місце розташування | Поточне розміщення | Дата придбання | Інвентарний номер | Усього замовленно | Повний номер виклику | Штрих-код | Дата останнього перегляду | Ціна ефективна від | Тип елемента Koha |
|---|---|---|---|---|---|---|---|---|---|---|---|---|---|---|
| Universal Decimal Classification | АБ - Абонемент НБ | АБ - Абонемент НБ | 12/09/2012 | 9906 | 82-09 Б13 | 9906 | 14/02/2022 | 12/09/2012 | Книги |